| 000 | 00525cam a2200169u 4500 | ||
|---|---|---|---|
| 082 |
_a\355.02 _bOMA _cD |
||
| 100 | 1 |
_aOman, Charles, _949544 |
|
| 245 | 1 | 2 | _aA history of the art of war in the middle ages, |
| 250 | _a2d ed. | ||
| 260 |
_aLondon, _bMethuen & co. ltd. _c[1924] |
||
| 300 |
_a2 v. _bplates, maps. plans. _c23 cm. |
||
| 526 |
_a0 _b0 _c0 _d355_000000000000000_02_OMA |
||
| 650 | 0 |
_aMCE _9379 |
|
| 650 | 0 |
_aMilitary art and science _xHistory _91734 |
|
| 650 | 0 |
_aMilitary history, Medieval. _949545 |
|
| 942 |
_2ddc _cBK |
||
| 999 |
_c552320 _d552320 |
||